00805cam a2200229 a 450000100100000000500170001000800410002701000130006804000250008108200190010610000370012524500330016226000500019530000210024549000280026665000340029465000360032883000370036491000370040195201220043899900150056000000889320200929161432.0860106s1985 nq 000 j spa  a85598022 aDO-SdBNPbspadBNPHU aN863.44bS586c1 aSilva, Fernándo,d1927-92345110aCuentos /cFernándo Silva. aManagua, Nicaragua :bNueva Nicaragua,c1985. a304 p. ;c20 cm.1 aLetras de Nicaraguav14 4aCuentos nicaragüenses99879 4aLiteratura nicaragüense98122 0aLetras de Nicaragua ;n14923452 aValidado. Control de calidad MFF 001052708MOaGRbGRcHDd2009-09-19iLF1l0oN863.44 S586cp8893-10r2020-06-25w2020-06-25y2ZPréstamo interno c8662d8662